000 00310 a2200157 4500
001 175573
020 _a
040 _cMagnum
100 _aSiguemoto, Regina
240 1 0 _aLigeirinha
_lpor
245 1 0 _aLigeirinha
362 0 _a1899
440 1 _aPaulinas
697 _aMAGNITO: I/ANIMAIS
942 _cBK
999 _c175573
_d175573